000 00921nam a22002537a 4500
005 20240530110400.0
008 150120s2009 ua o a 000 j ara d
017 _a2009/1643
_bمصر . دار الكتب المصرية
020 _a9773043541
040 _aEG-CaGPL
041 1 _aara
_heng
082 0 4 _221
_a823.02
_bط/هـ د
100 1 _aهامل ، جوديث
245 1 0 _aدودو و الشمس /
_cتاليف جوديث هامل ؛ رسوم ليزا ليفيك ؛ ترجمة امل راغب
260 _aالقاهرة :
_bدار الياس العصرية للطباعة والنشر ،
_c2009
300 _a24 ص :
_bصور ؛
_c22 سم
490 0 _aدودو
650 0 4 _aقصص الاطفال
650 0 4 _aالقصص المترجمة
700 0 _aليزا ليفيك
_eرسام
700 0 _aامل راغب
_eمترجم
942 _2ddc
_cBK
999 _c60253
_d60253